00713nam a22002057a 450000500170000000800410001701000140005802000260007203500130009803700130011104000080012408200080013210000200014024501260016025000120028626000890029827000660038730000360045370000180048920100406150024.0100406t xxu||||| |||| 00| 0 eng d aENG-95972 a9788131729052c349.00 aEN-79505 bDBAD/VEN aDPL a000 aThorpe, Showick aThe Pearson guide to the Central Police Forces (Assistant Commandants) examination/cby Showick Thorpe and Edgar Thorpe  a2nd ed. aNew DelhibDorling Kindersley (India) Pvt. Ltd. Licensees of Pearson Educationc2010 a14, Local Shopping Centre, Panchsheel ParkbNew Delhie110017 aVarious pagings ;c24 cm. (Pbk) aThorpe, Edgar